Christianity, Islam, or Judaism? Quiz Stats

 Plays Quiz Updated Aug 9, 2017

Support Sporcle.
Go Orange.
Score 0/18 Timer 03:00
0 Plays Today
Question Answer Wrong Answers
Religious symbol: cross Christianity
93.4%
Islam
0.4%
Judaism
0.4%
Day of worship: Sunday Christianity
92.7%
Islam
0.6%
Judaism
0.9%
Sacred text is the Bible Christianity
92.3%
Islam
0.5%
Judaism
1.5%
Sacred text is the Quran Islam
91.6%
Christianity
0.9%
Judaism
1.6%
Religious symbol: Star of David Judaism
90.8%
Christianity
1.7%
Islam
1.7%
Most prominent in the Middle East and South Asia Islam
90.6%
Christianity
1.4%
Judaism
2%
Sacred text is the Hebrew Bible (Tanakh) Judaism
89.7%
Christianity
2.1%
Islam
2.5%
Most prominent in Europe, the Americas, and Africa Christianity
88.5%
Islam
4.1%
Judaism
1.6%
Day of worship: Saturday Judaism
85.7%
Christianity
2.5%
Islam
6.1%
Religious symbol: star and crescent Islam
85.2%
Christianity
1.2%
Judaism
7.8%
Most prominent in Israel and North America Judaism
83.2%
Christianity
6.5%
Islam
4.6%
Founded around 622 CE Islam
79.5%
Christianity
6.2%
Judaism
8.4%
Day of worship: Friday Islam
77.1%
Christianity
1.7%
Judaism
15.6%
Founded before 0 CE Judaism
76%
Christianity
11.1%
Islam
7.2%
Founded around 30 CE Christianity
75.4%
Islam
10.7%
Judaism
8.2%
Has 14 million adherents Judaism
73.6%
Christianity
9.2%
Islam
11.5%
Has 2.2 billion adherents Christianity
72.6%
Islam
17.9%
Judaism
3.8%
Has 1.6 billion adherents Islam
69.4%
Christianity
18.4%
Judaism
6.5%

You're not logged in!

Compare scores with friends on all Sporcle quizzes.
OR
Log In
Forgot?

From the Vault

St. Patrick's Day Facts

by kfastic

Happy St. Patrick's Day, Sporclers!
Remove Ads.
Support Sporcle.
Get the best of Sporcle when you Go Orange. This ad-free experience offers more features, more stats, and more fun while also helping to support Sporcle. Thank you for becoming a member.

Show Comments

Extras

Top Quizzes Today


Score Distribution

Your Account Isn't Verified!

In order to create a playlist on Sporcle, you need to verify the email address you used during registration. Go to your Sporcle Settings to finish the process.

Report this User

Report this user for behavior that violates our Community Guidelines.

Details: